000 00740cam a2200241 a 4500
001 12529945
005 20180313084105.0
008 010910s1999 dcua b 000 0 eng d
010 _a 2001275191
020 _a0899643418
035 _a(OCoLC)ocm44449505
040 _aTXA
_cTXA
_dDLC
041 _aeng
042 _alccopycat
080 _a339.138
100 _a58
101 _aMAR
245 0 0 _aIntegrated marketing communication :
_cedited by Robert A. Sevier and Robert E. Johnson.
504 _aIncludes bibliographical references.
906 _a7
_bcbc
_ccopycat
_d3
_encip
_f20
_gy-gencatlg
942 _2ddc
_cBK
999 _c44898
_d44898